Movies Quiz

Random Movies or Alphabet Quiz

Actress A-Z: Action Quiz Stats

 Plays Quiz Updated Jul 7, 2016

Challenge
Share
Tweet
Embed
Score 0/25 Timer 04:00
3 Plays Today
Actress Last Name % Correct
A) Jessica ____Alba
96.8%
L) Jennifer ____Lawrence
92.3%
T) Uma ____Thurman
91.4%
W) Sigourney ____Weaver
89.4%
B) Emily ____Blunt
85.6%
K) Keira ____Knightley
85.1%
F) Sally ____Field
82.3%
D) Rosario ____Dawson
77.6%
P) Michelle ____Pfeiffer
74.1%
S) Zoe ____Saldana
69%
H) Linda ____Hamilton
64.5%
R) Michelle ____Rodriguez
62.3%
M) Carrie-Anne ____Moss
59.7%
Actress Last Name % Correct
O) Elizabeth ____Olsen
59%
U) Gabrielle ____Union
56%
J) Milla ____Jovovich
54.6%
N) Brigitte ____ Nielsen
49.6%
Q) Maggie ____Q
47.8%
G) Pam ____Grier
47.6%
Y) Michelle ____Yeoh
23.9%
I) Jill ____Ireland
20%
Z) ____ ZiyiZhang
17.6%
E) Mireille ____Enos
12.2%
C) Maggie ____Cheung
6.1%
V) Sharni ____Vinson
4.5%

You're not logged in!

Compare scores with friends on all Sporcle quizzes.
OR
Log In

You Might Also Like...

Show Comments

Extras

Top Quizzes Today


Score Distribution

Your Account Isn't Verified!

In order to create a playlist on Sporcle, you need to verify the email address you used during registration. Go to your Sporcle Settings to finish the process.

Report this User

Report this user for behavior that violates our Community Guidelines.

Details: